Рондо (Запис номер 365315)
[ съкратено ]
| 000 -Лидер | |
|---|---|
| Контролно поле с фиксирана дължина | 01231ncm a2200361 a 4500 |
| 003 - Код на организацията, давaща контролен номер | |
| Контролно поле | BLK |
| 005 - Дата и час на последна редакция | |
| Контролно поле | 20241005005414.0 |
| 008 - Елементи от данни с фиксирана дължина | |
| fixed length control field | 180414b bul |a|er|||| |0| c|bulo| |
| 010 ## - Наследен системен номер | |
| LC control number | NOT00003832000 |
| 040 ## - Източник на каталожния запис | |
| Идентификатор на билиотеката - собственик на записа | BLK |
| 041 ## - Код за език | |
| Код за езика на текст/звукозапис или на отделно заглавие | Руски |
| Код за езика КДБФ | Руски |
| 080 ## - УДК | |
| Текстов определител УДК | Музика за пиано |
| УДК код - определител по УДК | 786.2 |
| УДК - код + определител | 786.2 |
| 080 ## - УДК | |
| Текстов определител УДК | Дуо за две пиана |
| УДК код - определител по УДК | 785.72:786.2 |
| 139 ## - Редно поле | |
| Редна дума | Шопен, Фредерик |
| Авторски знак | Шоп - Ш 84 |
| 245 10 - Сведения за заглавието | |
| Заглавие | Рондо |
| Подзаглавни данни | Для двух фортепьяно |
| Редно поле (дума) | Фредерик Шопен. |
| 254 ## - Сведения за формата на нотното издание | |
| Формат на описваните ноти | Клавир |
| 260 ## - Област на издателските данни | |
| Име на издателя, разпространителя и проч. | Гос. муз. изд. |
| Година на издаване | 1958 |
| Място на издаване, разпространение и проч. | Москва |
| 9 (RLIN) | 211649 |
| 300 ## - Физическа характеристика | |
| Страници | 32 с. |
| Размери/Мащаб | 29 см |
| 380 ## - Жанр | |
| Жанр | Изкуство |
| 490 ## - СЕРИИ (Колекции) | |
| 9 (RLIN) | 405129 |
| Име на серия | Педагогический репертуар музыкального училища |
| Бележки за серията | Для фортепьянного ансамбля |
| 650 #4 - Допълнително описание по предмет – тема | |
| Основно описание – тема или топоним | Пиано |
| 9 (RLIN) | 166247 |
| 653 ## - Ключова дума – ненормативна | |
| Ключова дума | пиано |
| 653 #7 - Ключова дума – ненормативна | |
| Ключова дума | рондо |
| 9 (RLIN) | 195748 |
| 653 #7 - Ключова дума – ненормативна | |
| Ключова дума | две пиана |
| 9 (RLIN) | 184635 |
| 700 ## - Други автори (авторска отговорност) | |
| 9 (RLIN) | 1311 |
| Лично име | Сорокин, К. |
| Автороска отговорност (Описва отношението между автора и произведението) | ред. |
| 852 ## - Местоположение | |
| Форматна сигнатура | Цб М ІІ 929 |
| Част | 0 |
| 856 4# - Електронен адрес и достъп | |
| Електронен формат | pdf - файл |
| Път до файла /url/ | |
| 856 4# - Електронен адрес и достъп | |
| Електронен формат | pdf - файл |
| Път до файла /url/ | |
| 999 ## - СИСТЕМНИ КОНТРОЛНИ НОМЕРА | |
| Koha biblionumber | 365315 |
| Koha biblioitemnumber | 365315 |
| 942 ## - АРТИКУЛИ | |
| Вид на библиотечния материал | Нотни издания |
| Скрит в OPAC | Не |
| Периодичен библиозапис | Да |
| 944 ## - СЪЗДАВАНЕ И РЕДАКЦИЯ на ЗАПИСА | |
| Създаване/Редакция | Създаване |
| Дата на регистрацията/редакция | 2020-05-29 |
| Служител, извършил регистрацията/редакцията | |
| Статус, дата на статуса | CRON CRON |
| 999 ## - СИСТЕМНИ КОНТРОЛНИ НОМЕРА | |
| Koha biblioitemnumber | 355524 |
| 999 ## - СИСТЕМНИ КОНТРОЛНИ НОМЕРА | |
| Koha biblioitemnumber | 320904 |
| Код за отписване | Код за изгубен артикул | Източник на класификационната схема | Код за повреда | Коз за рестрикции | Код за отдаване | Артикулен № | Име на библиотеката - собственик | Име на библиотеката, в която се намира в момента | Статус (Текущо местоположение) | Дата на вписване в системата | Местоположение - отдел | Цена в лева | Инвентарен номер | Систематично азбучна сигнатура | Баркод | Цена в евро | Служебен тип на артикула |
|---|---|---|---|---|---|---|---|---|---|---|---|---|---|---|---|---|---|
| Не е изгубен | Universal Decimal Classification | Не е повреден | само за читалня | ползва се в читалня | 773736 | Регионална библиотека "Любен Каравелов" Русе | Регионална библиотека "Любен Каравелов" Русе | Хранилище | 2020-06-02 | Основен фонд - ползва се само за читалня | 0.32 | 816/59 | Цб М ІІ 929 | 900000017641 | 0.16 | Нотни издания |